[Event "ARG-ch sf"]
[Site "San Martin"]
[Date "1987.??.??"]
[Round "5"]
[White "Bulcourf, Carlos"]
[Black "Darcyl, Tomas"]
[Result "1/2-1/2"]
[WhiteElo "2250"]
[BlackElo "2395"]
[PlyCount "48"]
[EventDate "1987.??.??"]
[EventType "tourn"]
[EventRounds "9"]
[EventCountry "ARG"]
[EventCategory "1"]
[SourceTitle "EXT 2002"]
[Source "ChessBase"]
[SourceDate "2001.11.25"]
[SourceVersion "1"]
[SourceVersionDate "2001.11.25"]
[SourceQuality "1"]

1. b4 Nf6 2. Bb2 e6 3. b5 b6 4. e3 Bb7 5. Nf3 d5 6. c4 c5 7. bxc6 Nxc6 8. Bxf6 Qxf6 9. Nc3 dxc4 10. Bxc4 Bb4 11. Rc1 0-0 12. 0-0 Na5 13. Be2 Rac8 14. Nb5 a6 15. Rxc8 Rxc8 16. Qb1 Be7 17. Nc3 b5 18. Ne4 Qh6 19. d4 Bxe4 20. Qxe4 Qg6 21. Bd3 Qxe4 22. Bxe4 Rc3 23. d5 exd5 24. Bxd5 Bf6 1/2-1/2

[Event "ARG-ch sf"]
[Site "San Martin"]
[Date "1987.??.??"]
[Round "4"]
[White "Darcyl, Tomas"]
[Black "Abramson, Horacio"]
[Result "1-0"]
[WhiteElo "2395"]
[BlackElo "2240"]
[PlyCount "53"]
[EventDate "1987.??.??"]
[EventType "tourn"]
[EventRounds "9"]
[EventCountry "ARG"]
[EventCategory "1"]
[SourceTitle "EXT 2002"]
[Source "ChessBase"]
[SourceDate "2001.11.25"]
[SourceVersion "1"]
[SourceVersionDate "2001.11.25"]
[SourceQuality "1"]

1. d4 d5 2. c4 e6 3. Nc3 Nf6 4. Bg5 Be7 5. e3 0-0 6. Nf3 h6 7. Bxf6 Bxf6 8. Rc1 c6 9. Bd3 dxc4 10. Bxc4 Nd7 11. 0-0 e5 12. h3 exd4 13. exd4 Nb6 14. Bb3 Bf5 15. Re1 Qd6 16. Ne5 Bxe5 17. Rxe5 Bg6 18. Qg4 Kh7 19. Ne4 Qb4 20. Nc5 a5 21. Rc3 Rfd8 22. Ne6 Rg8 23. Rg3 Qd2 24. Ng5+ hxg5 25. Rxg5 Kh8 26. Bxf7 Bh7 27. Bxg8 1-0